000 00667nam a2200217 i 4500
001 79933
003 ES-MaACL
005 20250808022124.0
007 t|
008 041025s1956 sp ||||1| spa d
100 1 _aHesse, Fritz.
_963471
245 1 0 _aIntriga en torno a Alemania /
_cFritz Hesse ; [versión española de Manuel Picos Vilabella].
250 _a[1ª ed.].
260 _aBarcelona :
_bLuis de Caralt,
_c[1956] (
_fHorta)
300 _a455 p. ;
_c22 cm.
490 1 _aLa vida vivida
700 1 _aPicos Vilabella, Manuel.
_991882
830 0 3 _aLa vida vivida
_9180877
852 _aES-MaACL
_jC-10460
_bR.38648
999 _c79933
_d79933